000 00824nam a22002057a 4500
005 20240604143922.0
010 _aHIN-127801
020 _c1000.00
_a9789394928534
035 _aHN-100147
037 _bDBAD
082 _a128.3
_21
100 _aश्रीचंदानी, सुरेश कुमार
_967331
245 _aकल्पना शुद्धि/
_cसुरेश कुमार श्रीचंदानी
250 _aप्रथम
260 _aअजमेर
_bपद्म्कान्ता प्रकाशन
_c2021
270 _a403/16, ठठेरा चौक
_bअजमेर
_e305001
300 _a106पृ.
_c21 सेमी.(अजिल्द)
650 _aहिन्दी
_967332
942 _2ddc
_h128.3
_cHN
_mश्रीचन्दा
999 _c203510
_d203510